000 01210 a2200253 4500
003 OSt
005 20240213124838.0
008 170511t xxu||||| |||| 00| 0 eng d
010 _a 2005921992
020 _a9781856697903
035 _a(OCoLC)ocm61286041
040 _c0
082 0 4 _a720.91821
_bWES
100 1 _aWatkin, David,
_933064
245 1 2 _aA history of Western architecture /
_cDavid Watkin.
250 _a5th ed.
260 _aNew York :
_bLaurence King Publishing,
_c2011.
300 _a720 p. :
_bill. (some col.), plans ;
_c24 cm.
505 0 _aMesopotamia and Egypt -- The classical foundation: Greek, Hellenistic, Roman -- Early Christian and Byzantine -- Carolingian and Romanesque -- The Gothic experiment -- Renaissance harmony -- Baroque expansion -- Eighteenth-century classicism -- The Nineteenth century -- Art Nouveau -- The Twentieth century and beyond.
650 0 _aArchitecture, Western
_xHistory.
_933065
856 4 2 _3Contributor biographical information
_uhttp://www.loc.gov/catdir/enhancements/fy0908/2005921992-b.html
856 4 2 _3Publisher description
_uhttp://www.loc.gov/catdir/enhancements/fy0908/2005921992-d.html
942 _aSADA
_cBK
_k720.91821 WAT 2011
_2ddc
999 _c607684
_d607684